00596nam a2200181 i 450000100060000000300090000600500170001500700030003200800410003510000390007624500580011525000150017326000330018830000220022185200320024399900170027595201220029285624ES-MaACL20230906175256.0t|041130s1973 sp ||||1| cat d1 aJuliá Avellaneda, Isidro.96723510aEscorpiáo b: poemes / cIsidre Juliá Avellaneda. a[1ª ed.]. aBarcelona : b[s.n., c1973] a174 p. ; c23 cm. aES-MaACLjC-52336 bR.85970 c85624d85624 00104070aATENEOMbATENEOMcDEPO2d2008-01-17eSCl0oC-52336p1089471r2023-02-23 00:00:00w2023-02-23yMONOGRAFIA